Logo biblioteca
Santa Fe 2917, Rosario, Santa Fe
Lu-Vi 8 a 19.45
+54-341-4232362
bibliotecaeudoro@gmail.com
Facebook Biblioteca Pedagógica
Sitio web

Hacia una educación artística diversificada : (Registro nro. 32474)

Detalles MARC
000 -CABECERA
campo fijo de control de longitud 01231nab a2200253 4500
003 - IDENTIFICADOR DEL NÚMERO DE CONTROL
campo de control AR-RoBPED
005 - FECHA Y HORADE LA ULTIMA TRANSACCION
campo de control 20260330091950.0
008 - ELEMENTOS DE LONGITUD FIJA--INFORMACION GENERAL
campo fijo de control de longitud 260330b |||||||| |||| 00| 0 spa d
040 ## - FUENTE CATALOGADORA
Centro catalogador/agencia de origen AR-RoBPED
041 ## - IDIOMA
Código de idioma para texto/pista de sonido o título independiente spa
100 1# - ENCABEZAMIENTO PRINCIPAL--AUTOR PERSONAL
Nombre de persona Paolantonio, Leticia
9 (RLIN) 30662
Función Profesora universitaria en Artes
245 1# - TITULO
Título Hacia una educación artística diversificada :
Subtítulo planificar para la singularidad /
260 ## - PUBLICACION
Lugar Buenos Aires :
Editor Noveduc,
Fecha 2025
300 ## - DESCRIPCION FISICA
Extensión 28-31 p.
500 ## - NOTA GENERAL
Nota general El artículo propone una planificación en educación artística basada en la enseñanza diversificada, alojando la singularidad de cada estudiante. A través de los ejes pensar, jugar y crear, se presentan estrategias didácticas que amplían el acceso a la experiencia artística, promoviendo una práctica pedagógica más justa, sensible y plural.
650 #7 - TERMINO DE MATERIA--CONTROLADO
Término controlado EDUCACION ARTISTICA
9 (RLIN) 3
Término controlado DOCENTES
9 (RLIN) 344
Término controlado ESTUDIANTES
9 (RLIN) 11380
Término controlado EXPERIENCIA PEDAGOGICA
9 (RLIN) 3265
Término controlado PRACTICAS PEDAGOGICAS
9 (RLIN) 20430
773 0# - DOCUMENTO FUENTE
Host Biblionumber 20414
Host Itemnumber 41863
Place, publisher, and date of publication Buenos Aires : Noveduc, 1993-
Título Novedades Educativas
Record control number (AR-RoBPED)20414
International Standard Serial Number 03283534
942 ## - ELEMENTOS KOHA
Fuente de clasificación Universal Decimal Classification
Koha tipo de ítem Revistas
Clasificación 37(05)
Signatura librística Nov 86 N° 403 (Ago.2025)
Número Koha k.32474
945 ## - PROCESAMIENTO DE LA INFORMACIÓN LOCAL
Catalogador y fecha mar 03/2026

No hay ítems disponibles.